[Event "COL-ch deaf 2nd"]
[Site "Cali"]
[Date "2008.??.??"]
[Round "2.4"]
[White "Contreras, Jorge Eliecer"]
[Black "Rivera, Jeronimo David"]
[Result "1-0"]
[WhiteElo "1600"]
[BlackElo "1600"]
[PlyCount "91"]
[EventDate "2008.10.25"]
[EventType "tourn"]
[EventRounds "7"]
[EventCountry "COL"]
[SourceTitle "EXT 2024"]
[Source "ChessBase"]
[SourceDate "2023.10.10"]
[SourceVersion "1"]
[SourceVersionDate "2023.10.10"]
[SourceQuality "1"]

1. e4 e6 2. Nf3 d5 3. Bd3 Nf6 4. Qe2 dxe4 5. Bxe4 Bd6 6. Nc3 c6 7. Qd3 Qc7 8. b3 Nxe4 9. Nxe4 Be7 10. Bb2 0-0 11. Neg5 Bxg5 12. Nxg5 f5 13. Qh3 h6 14. Nf3 Na6 15. 0-0-0 Nb4 16. Kb1 Qa5 17. a3 Nd5 18. Qg3 Rf7 19. Ne5 Re7 20. f4 Qc7 21. Rdf1 Re8 22. Ng6 Ne7 23. Nxe7+ Rxe7 24. Be5 Qa5 25. Kb2 Qd5 26. Rf3 Qd8 27. Qg6 Qe8 28. Qg3 b6 29. Qh4 Ba6 30. Rg3 Kh7 31. Rg5 Qh8 32. Qh5 Kg8 33. Rg3 Qh7 34. Rg6 Rd8 35. d3 b5 36. Rg1 c5 37. g4 fxg4 38. R1xg4 Rdd7 39. Bf6 Rf7 40. Qxc5 Kh8 41. Be5 Qg8 42. Qc6 Qc8 43. Qxe6 Rfe7 44. Bxg7+ Rxg7 45. Rxh6+ Rh7 46. Qf6+ 1-0

[Event "COL-ch deaf 2nd"]
[Site "Cali"]
[Date "2008.??.??"]
[Round "5.13"]
[White "Lozano, Isaias"]
[Black "Rivera, Jeronimo David"]
[Result "0-1"]
[WhiteElo "1600"]
[BlackElo "1600"]
[PlyCount "46"]
[EventDate "2008.10.25"]
[EventType "tourn"]
[EventRounds "7"]
[EventCountry "COL"]
[SourceTitle "EXT 2024"]
[Source "ChessBase"]
[SourceDate "2023.10.10"]
[SourceVersion "1"]
[SourceVersionDate "2023.10.10"]
[SourceQuality "1"]

1. e4 e5 2. Nf3 Nc6 3. Bb5 Nd4 4. Be2 Nf6 5. Nxd4 exd4 6. d3 Bb4+ 7. c3 dxc3 8. bxc3 Ba5 9. Bg5 0-0 10. Bxf6 Qxf6 11. Qd2 d6 12. 0-0 Qg6 13. Na3 Qf6 14. Rac1 Qg6 15. Bf3 Bg4 16. Qe3 b6 17. d4 Bh3 18. Qf4 c5 19. Qg3 Qxg3 20. hxg3 Be6 21. d5 Bd7 22. Nc4 Bb5 23. Be2 Ba6 0-1

[Event "COL-ch deaf 2nd"]
[Site "Cali"]
[Date "2008.??.??"]
[Round "4.11"]
[White "Navarro, Johan Andres"]
[Black "Rivera, Jeronimo David"]
[Result "1-0"]
[WhiteElo "1600"]
[BlackElo "1600"]
[PlyCount "68"]
[EventDate "2008.10.25"]
[EventType "tourn"]
[EventRounds "7"]
[EventCountry "COL"]
[SourceTitle "EXT 2024"]
[Source "ChessBase"]
[SourceDate "2023.10.10"]
[SourceVersion "1"]
[SourceVersionDate "2023.10.10"]
[SourceQuality "1"]

1. e4 d5 2. exd5 Qxd5 3. Nc3 Qd8 4. Bc4 e5 5. Nf3 Nc6 6. 0-0 Nf6 7. Ng5 Be6 8. Bxe6 fxe6 9. Nxe6 Qe7 10. Ng5 h5 11. Nce4 Nxe4 12. Nxe4 0-0-0 13. c3 Qh4 14. Ng3 Bd6 15. Nf5 Qf6 16. Nxd6+ Rxd6 17. b4 a5 18. bxa5 Nxa5 19. Qa4 Ra6 20. Qg4+ Kb8 21. Rb1 Qg6 22. Qxg6 Rxg6 23. Rb5 Nc6 24. a4 b6 25. Bb2 Rd8 26. c4 Rxd2 27. Bxe5 Rg5 28. Rxb6+ Kc8 29. Rxc6 Rxe5 30. Rg6 Ra5 31. Rxg7 Rxa4 32. Rc1 Rxc4 33. Rf1 Rc6 34. f4 Kd8 1-0

[Event "COL-ch deaf 2nd"]
[Site "Cali"]
[Date "2008.??.??"]
[Round "3.6"]
[White "Rivera, Jeronimo David"]
[Black "Cardenas, Guillermo"]
[Result "0-1"]
[WhiteElo "1600"]
[BlackElo "1600"]
[PlyCount "57"]
[EventDate "2008.10.25"]
[EventType "tourn"]
[EventRounds "7"]
[EventCountry "COL"]
[SourceTitle "EXT 2024"]
[Source "ChessBase"]
[SourceDate "2023.10.10"]
[SourceVersion "1"]
[SourceVersionDate "2023.10.10"]
[SourceQuality "1"]

1. e4 e5 2. d4 exd4 3. Qxd4 Nc6 4. Qd1 Qf6 5. Nf3 Bc5 6. Nc3 Nge7 7. Nd5 Nxd5 8. Qxd5 Qd6 9. Bc4 Qxd5 10. Bxd5 Nb4 11. Bb3 h6 12. Ne5 Nc6 13. Bxf7+ Kd8 14. Nd3 Bb6 15. g4 Rf8 16. Bd5 Nd4 17. Bb3 d6 18. g5 Nf3+ 19. Ke2 Nxg5 20. Bxg5+ hxg5 21. Rhg1 g4 22. Rg3 Bd7 23. a4 a5 24. f3 Kc8 25. fxg4 c6 26. Rf1 Rxf1 27. Kxf1 Kc7 28. Rf3 Rc8 29. Rf7 0-1

[Event "COL-ch deaf 2nd"]
[Site "Cali"]
[Date "2008.??.??"]
[Round "6.10"]
[White "Rivera, Jeronimo David"]
[Black "Polo, Alberto"]
[Result "1-0"]
[WhiteElo "1600"]
[BlackElo "1600"]
[PlyCount "48"]
[EventDate "2008.10.25"]
[EventType "tourn"]
[EventRounds "7"]
[EventCountry "COL"]
[SourceTitle "EXT 2024"]
[Source "ChessBase"]
[SourceDate "2023.10.10"]
[SourceVersion "1"]
[SourceVersionDate "2023.10.10"]
[SourceQuality "1"]

1. e4 e5 2. Nf3 Nc6 3. d4 f6 4. Bb5 b6 5. dxe5 fxe5 6. Bxc6 dxc6 7. Qxd8+ Kxd8 8. Nxe5 Nh6 9. Bxh6 Ke8 10. Bf4 Ba6 11. Nxc6 Kd7 12. Ne5+ Ke6 13. Nc3 Rd8 14. Nd5 c6 15. Nc7+ Kf6 16. Nxa6 Rd4 17. 0-0 Rxe4 18. g3 g5 19. Rfe1 Ra4 20. Nd7+ Kf5 21. Re5+ Kg4 22. Rf5 Kf3 23. Ne5+ Ke2 24. Nc7 Bh6 1-0